Overview plant tissue culture
Gespeichert in:
| 1. Verfasser: | |
|---|---|
| Format: | Buch |
| Sprache: | Undetermined |
| Veröffentlicht: |
Cantho
Can Tho University
|
| Schlagworte: | |
| Tags: |
Tag hinzufügen
Keine Tags, Fügen Sie den ersten Tag hinzu!
|
| Thư viện lưu trữ: | Trung tâm Học liệu Trường Đại học Cần Thơ |
|---|
| LEADER | 00567nam a2200181Ia 4500 | ||
|---|---|---|---|
| 001 | CTU_192583 | ||
| 008 | 210402s9999 xx 000 0 und d | ||
| 082 | |a 581.0724 | ||
| 082 | |b T406 | ||
| 100 | |a Nguyen, Bao Toan | ||
| 245 | 0 | |a Overview plant tissue culture | |
| 245 | 0 | |c Nguyen Bao Toan | |
| 260 | |a Cantho | ||
| 260 | |b Can Tho University | ||
| 650 | |a Plant tissue culture,Nuôi cấy mô thực vật | ||
| 650 | |x Laboratory manuals,Sổ tay phòng thí nghiệm | ||
| 910 | |a Hải | ||
| 980 | |a Trung tâm Học liệu Trường Đại học Cần Thơ | ||